000 00683nam a2200169Ia 4500
008 090711s9999 xx 000 0 und d
082 _b75954
100 _aबेलसरे केशव वि.
245 _aगोंदवलेकर महाराज Sारित्र आणि वाIमय
260 _c1967
300 _a651
600 _aबेलसरे केशव वि.
630 _aगोंदवलेकर महाराज Sारित्र आणि वाIमय
700 _aबेलसरे केशव वि.
730 _aगोंदवलेकर महाराज Sारित्र आणि वाIमय
942 _cBOOK
999 _c282748
_d282748